000 00879nam a2200265 a 4500
001 42876
003 BD-RjUL
005 20211209053616.0
008 160616t1964 nyua b 000 0 eng
035 _a(BD-RjUL)42994
040 _aDLC
_cDLC
_dm.c.
_dMYG
_dBD-RjUL
_beng
041 _aeng
082 _223
_a330.156
_bKEY 1964
090 _aHB171.K441
_bL53
099 _aHB171.K441.L53
245 1 0 _aKeynes' General theory :
_breports of three decades /
_cEdited by Robert Lekachman
260 _aNew York :
_bSt. Martin's Press,
_cc1964
300 _axii, 347 p. :
_bill . ;
_c22 cm.
504 _aBibliography: p. 346-347. Bibliographical footnotes.
600 1 0 _aKeynes, John Maynard,
_d1883-1946.
_9131755
650 _aGeneral theory of employment, interest and money
_9131701
700 _a Lekachman, Robert
_9131274
942 _2ddc
_cBK
999 _c42876
_d42876